00425 2200157 4500001002100000005001500021035002000036245008400056100001200140300002800152260003100180082000800211084001400219020002200233990001200255INLIS00000000000291020250911014359 a0010-09250002571 aPanduan Perlindungan Guru Di Sekolah, Madrasah dan Pesantren /cDr. Susanto,M.A0 aSusanto a105 hlm ;c14,5 x 21 cm aJakarta :bErlangga,c2018 a300 a300 SUS p a978-602-434-965-3 a0755327